Alif lailah va lailah / (Record no. 523273)
[ view plain ]
| 000 -LEADER | |
|---|---|
| fixed length control field | 00903cam a22002657a 4500 |
| 001 - CONTROL NUMBER | |
| control field | 2538787 |
| 005 - DATE AND TIME OF LATEST TRANSACTION | |
| control field | 20240219134537.0 |
| 008 - FIXED-LENGTH DATA ELEMENTS--GENERAL INFORMATION | |
| fixed length control field | 941205m19401946ii 000 0 urd |
| 010 ## - LIBRARY OF CONGRESS CONTROL NUMBER | |
| LC control number | 93939511 |
| 040 ## - CATALOGING SOURCE | |
| Original cataloging agency | DLC |
| Transcribing agency | DLC |
| Modifying agency | DLC |
| 050 00 - LIBRARY OF CONGRESS CALL NUMBER | |
| Classification number | MLCMA 94/1304 (P) |
| 082 ## - DEWEY DECIMAL CLASSIFICATION NUMBER | |
| Classification number | 892.73 |
| Author Mark | ALI |
| 130 0# - MAIN ENTRY--UNIFORM TITLE | |
| Uniform title | Arabian nights. |
| Language of a work | Urdu |
| 9 (RLIN) | 120716 |
| 245 10 - TITLE STATEMENT | |
| Title | Alif lailah va lailah / |
| Statement of responsibility, etc. | mutarajjamah, Abūlḥasan Manṣūr. |
| 260 ## - PUBLICATION, DISTRIBUTION, ETC. | |
| Place of publication, distribution, etc. | Dihlī : |
| Name of publisher, distributor, etc. | Anjuman Taraqqī-yi Urdū, Hind, |
| Date of publication, distribution, etc. | 1940-46. |
| 300 ## - PHYSICAL DESCRIPTION | |
| Extent | v. 1-4, 6-7 : |
| Dimensions | 23 cm. |
| 440 #0 - SERIES STATEMENT/ADDED ENTRY--TITLE | |
| Title | Silsilah-yi mat̤būʻāt-i Anjuman Taraqqī-yi Urdū, Hind ; |
| Volume/sequential designation | 151, 167, 1177, 201, 234 |
| 9 (RLIN) | 120717 |
| 500 ## - GENERAL NOTE | |
| General note | Stories. |
| 500 ## - GENERAL NOTE | |
| General note | Translated from Arabic. |
| 500 ## - GENERAL NOTE | |
| General note | Complete in 7 v.; LC does not have vols. 6. |
| 700 1# - ADDED ENTRY--PERSONAL NAME | |
| Personal name | Mansur, Abulhasan. |
| 9 (RLIN) | 120718 |
| 906 ## - LOCAL DATA ELEMENT F, LDF (RLIN) | |
| a | 7 |
| b | cbc |
| c | orignew |
| d | u |
| e | ncip |
| f | 19 |
| g | y-gencatlg |
| 942 ## - ADDED ENTRY ELEMENTS (KOHA) | |
| Source of classification or shelving scheme | |
| Koha item type | Book |
| Withdrawn status | Lost status | Source of classification or shelving scheme | Damaged status | Not for loan | Permanent Location | Current Location | Date acquired | Serial Enumeration / chronology | Total Renewals | Full call number | Barcode | Date last seen | Price effective from | Koha item type | Shelving location | Total Checkouts | Date last checked out |
|---|---|---|---|---|---|---|---|---|---|---|---|---|---|---|---|---|---|
| Central Library (CL) | Central Library (CL) | 01/25/2019 | Vol.4 | 1 | 892.73 ALI | NIT-9809 | 01/25/2021 | 01/25/2019 | Book | ||||||||
| Central Library (CL) | Central Library (CL) | 02/19/2024 | Vol.5 | 892.73 ALI | NIT-9794 | 02/19/2024 | 02/19/2024 | Book | Urdu Literature | ||||||||
| Central Library (CL) | Central Library (CL) | 02/19/2024 | Vol.6 | 892.73 ALI | NIT-9796 | 02/19/2024 | 02/19/2024 | Book | Urdu Literature | ||||||||
| Central Library (CL) | Central Library (CL) | 02/19/2024 | Vol.1 | 892.73 ALI | NIT-9813 | 01/10/2025 | 02/19/2024 | Book | Urdu Literature | 1 | 11/19/2024 | ||||||
| Central Library (CL) | Central Library (CL) | 02/19/2024 | Vol.7 | 892.73 ALI | NIT-9790 | 02/19/2024 | 02/19/2024 | Book | Urdu Literature | ||||||||
| Central Library (CL) | Central Library (CL) | 02/19/2024 | Vol.3 | 892.73 ALI | CL-E-1952 | 02/19/2024 | 02/19/2024 | Book | Urdu Literature |
